[Event "Ontario op"]
[Site "Toronto CAN"]
[Date "2022.05.21"]
[Round "2.3"]
[White "Ouellet, Maili-Jade"]
[Black "Noritsyn, Nikolay"]
[Result "1-0"]
[WhiteElo "2300"]
[BlackElo "2566"]
[PlyCount "85"]
[EventDate "2022.05.21"]
[EventType "swiss"]
[EventRounds "6"]
[EventCountry "CAN"]

1. d4 e6 2. c4 Bb4+ 3. Bd2 a5 4. Nc3 f5 5. g3 Nf6 6. Bg2 O-O 7. Nf3 d6 8. O-O
Nc6 9. d5 Ne5 10. Nd4 Nxc4 11. dxe6 Nxd2 12. Qxd2 g6 13. Rfd1 Qe7 14. Qg5 Kh8
15. e4 Bxc3 16. bxc3 fxe4 17. Bxe4 c5 18. Nb5 Ra6 19. Re1 Rb6 20. a4 Bxe6 21.
Bd5 Nxd5 22. Qxe7 Nxe7 23. Rxe6 Nc8 24. c4 Kg7 25. Kg2 Rc6 26. f4 Rf6 27. Re4
Nb6 28. Kf3 d5 29. cxd5 Nxd5 30. Re5 Rf5 31. Rd1 Nb6 32. Nc3 Rf7 33. Rd8 Nc4
34. Ree8 Rd6 35. Rg8+ Kh6 36. Rxd6 Nxd6 37. g4 Nc4 38. Nd5 Ne5+ 39. Kg3 Nxg4
40. Kxg4 Rd7 41. Nf6 Rd6 42. Ne4 Rc6 43. Kh4 1-0

[Event "Ontario op"]
[Site "Toronto CAN"]
[Date "2022.05.21"]
[Round "2.4"]
[White "Plotkin, Mark"]
[Black "Lin, Leo"]
[Result "1-0"]
[WhiteElo "2528"]
[BlackElo "2160"]
[PlyCount "59"]
[EventDate "2022.05.21"]
[EventType "swiss"]
[EventRounds "6"]
[EventCountry "CAN"]

1. Nc3 d5 2. d4 Nf6 3. Bf4 Bf5 4. f3 e6 5. g4 Bg6 6. h4 h5 7. g5 Nfd7 8. e4 c6
9. Bd3 Qb6 10. Nge2 Na6 11. a3 Be7 12. exd5 exd5 13. Bxg6 fxg6 14. Qd3 O-O-O
15. O-O-O Nf8 16. Be5 Rg8 17. Nf4 Bd6 18. Rhe1 Bxe5 19. Rxe5 Nd7 20. Re7 Qc7
21. Ne6 Qd6 22. Nxd8 Qxe7 23. Nxc6 Qf7 24. Nxd5 Re8 25. Qxg6 Qxg6 26. Nce7+ Kd8
27. Nxg6 Nc7 28. Nxc7 Kxc7 29. Nf4 Rf8 30. Ne6+ 1-0

[Event "Ontario op"]
[Site "Toronto CAN"]
[Date "2022.05.21"]
[Round "2.5"]
[White "Chiku-Ratte, Olivier-Kenta"]
[Black "Pramanik, Projjwal"]
[Result "1-0"]
[WhiteElo "2468"]
[BlackElo "2071"]
[PlyCount "71"]
[EventDate "2022.05.21"]
[EventType "swiss"]
[EventRounds "6"]
[EventCountry "CAN"]

1. d4 Nc6 2. Nf3 d6 3. c4 g6 4. d5 Nb8 5. Nc3 Bg7 6. Qc2 Nf6 7. g3 c6 8. Bg2
cxd5 9. cxd5 Nbd7 10. O-O O-O 11. Rd1 Nc5 12. Nd4 Bg4 13. h3 Bd7 14. b4 Na6 15.
a3 Rc8 16. Be3 Nc7 17. Qb3 a6 18. a4 Na8 19. a5 Nc7 20. Rdc1 Qe8 21. Rc2 Nb5
22. Ncxb5 Rxc2 23. Qxc2 Bxb5 24. Qc7 Qd7 25. Rc1 Bc6 26. Rxc6 bxc6 27. Qxd7
Nxd7 28. dxc6 Ne5 29. b5 Nc4 30. b6 Nxa5 31. c7 d5 32. Bxd5 Be5 33. Nc6 e6 34.
Nxa5 exd5 35. Nc6 Bd6 36. Bf4 1-0

[Event "Ontario op"]
[Site "Toronto CAN"]
[Date "2022.05.21"]
[Round "2.6"]
[White "Gavrilin, Roman"]
[Black "Ghasi, Ameet K"]
[Result "0-1"]
[WhiteElo "2066"]
[BlackElo "2515"]
[PlyCount "82"]
[EventDate "2022.05.21"]
[EventType "swiss"]
[EventRounds "6"]
[EventCountry "CAN"]

1. e4 g6 2. d4 d6 3. Nc3 Nf6 4. g3 Bg7 5. Bg2 O-O 6. Nge2 Nc6 7. O-O e5 8. dxe5
Nxe5 9. h3 Re8 10. Kh2 Bd7 11. b3 b5 12. Be3 Qc8 13. Nd4 c6 14. a4 b4 15. Nce2
a6 16. c4 bxc3 17. Nxc3 Rb8 18. Rb1 Qc7 19. Qd2 c5 20. Nde2 Be6 21. f4 Nc6 22.
f5 Bxb3 23. Bg5 Nh5 24. f6 Bh8 25. Rxb3 Rxb3 26. Nd5 Qb8 27. g4 Rb2 28. Qd1 Nb4
29. Nec3 Nxd5 30. Nxd5 Re5 31. h4 h6 32. gxh5 hxg5 33. hxg6 Rxe4 34. Ne7+ Kf8
35. Qd5 Rxg2+ 36. Kh3 Rxh4+ 37. Kxg2 Qb2+ 38. Rf2 Rh2+ 39. Kxh2 Qxf2+ 40. Kh1
Qf1+ 41. Kh2 Qxf6 0-1

[Event "Ontario op"]
[Site "Toronto CAN"]
[Date "2022.05.21"]
[Round "2.7"]
[White "Rodrigue-Lemieux, Shawn"]
[Black "Burtasova, Anna"]
[Result "1-0"]
[WhiteElo "2512"]
[BlackElo "2274"]
[PlyCount "133"]
[EventDate "2022.05.21"]
[EventType "swiss"]
[EventRounds "6"]
[EventCountry "CAN"]

1. c4 c5 2. g3 g6 3. Bg2 Bg7 4. Nc3 Nc6 5. Nf3 e5 6. O-O Nge7 7. a3 O-O 8. Rb1
a5 9. Ne1 d6 10. Nc2 Be6 11. Ne3 f5 12. d3 Rb8 13. Ned5 h6 14. b4 axb4 15. axb4
cxb4 16. Nxe7+ Qxe7 17. Nd5 Qd7 18. Nxb4 Nxb4 19. Rxb4 b5 20. cxb5 Rxb5 21. Qa4
Rfb8 22. Rxb5 Qxb5 23. Qa7 d5 24. Be3 Rb7 25. Qa3 Kh7 26. h4 Rf7 27. Qd6 Qd7
28. Qb8 d4 29. Bd2 Bd5 30. Bxd5 Qxd5 31. Rb1 f4 32. gxf4 Qe6 33. f3 exf4 34.
Kf2 Be5 35. Qb3 Qe7 36. Rh1 h5 37. Qd5 Bf6 38. Kf1 Bg7 39. Qe4 Qd6 40. Rg1 Bh6
41. Bb4 Qf6 42. Bc5 Rd7 43. Qe8 Rc7 44. Bxd4 Rc1+ 45. Kg2 Rxg1+ 46. Bxg1 Bg7
47. Bf2 Kh6 48. d4 g5 49. d5 gxh4 50. Qc6 Kg5 51. d6 h3+ 52. Kxh3 Qe6+ 53. Kg2
Be5 54. Bc5 Bf6 55. Qb5 Kh6 56. d7 Bd8 57. Kh2 Qf6 58. Bf2 Kg6 59. Qd3+ Kh6 60.
Qe4 h4 61. Kh3 Qd6 62. Qe8 Qf6 63. Bd4 Qf5+ 64. Kh2 Qg5 65. Qh8+ Kg6 66. Qg7+
Kf5 67. Qf7+ 1-0

[Event "Ontario op"]
[Site "Toronto CAN"]
[Date "2022.05.21"]
[Round "2.8"]
[White "Barron, Michael"]
[Black "Thavandiran, Shiyam"]
[Result "1/2-1/2"]
[WhiteElo "2234"]
[BlackElo "2474"]
[PlyCount "99"]
[EventDate "2022.05.21"]
[EventType "swiss"]
[EventRounds "6"]
[EventCountry "CAN"]

1. e4 e6 2. d4 d5 3. Nd2 c5 4. Ngf3 cxd4 5. exd5 Qxd5 6. Bc4 Qd6 7. O-O Nf6 8.
Nb3 Nc6 9. Nbxd4 Nxd4 10. Qxd4 Qxd4 11. Nxd4 Bd7 12. Bf4 Rc8 13. Bb3 Bc5 14.
Rad1 O-O 15. Rfe1 Rfd8 16. c3 b5 17. Rd2 a5 18. Bd1 Nd5 19. Bg3 Nb6 20. Be2 Nc4
21. Bxc4 bxc4 22. Red1 Bb6 23. Nf5 exf5 24. Rxd7 g5 25. Rxd8+ Rxd8 26. Rxd8+
Bxd8 27. Be5 a4 28. Kf1 Kf8 29. Bd6+ Ke8 30. Ke2 Kd7 31. Bb8 Ke6 32. Ba7 Bc7
33. h3 h5 34. Bd4 Bd6 35. Kd2 Kd5 36. f3 Ke6 37. Kc2 Kd5 38. b3 cxb3+ 39. axb3
axb3+ 40. Kxb3 Be7 41. Be3 g4 42. c4+ Kc6 43. Kc3 gxh3 44. gxh3 Bf6+ 45. Bd4
Be7 46. Kd3 Bg5 47. Bg7 Bf4 48. Kd4 Bc1 49. Bf8 Bb2+ 50. Ke3 1/2-1/2

[Event "Ontario op"]
[Site "Toronto CAN"]
[Date "2022.05.21"]
[Round "2.9"]
[White "Abrahams, Daniel"]
[Black "Han, Johnathan"]
[Result "1/2-1/2"]
[WhiteElo "2226"]
[BlackElo "2234"]
[PlyCount "86"]
[EventDate "2022.05.21"]
[EventType "swiss"]
[EventRounds "6"]
[EventCountry "CAN"]

1. Nf3 Nf6 2. b3 g6 3. Bb2 Bg7 4. c4 O-O 5. g3 d6 6. d4 e5 7. dxe5 Nfd7 8. Bg2
dxe5 9. Nc3 Nc6 10. Qd2 Re8 11. h4 Nf8 12. h5 Bg4 13. hxg6 hxg6 14. Rd1 Qc8 15.
Nd5 f6 16. Nh4 Be6 17. Ba3 g5 18. Nf3 e4 19. Nd4 Bxd5 20. cxd5 Nxd4 21. Qxd4 f5
22. Qc4 Qd7 23. g4 b5 24. Qc2 Ng6 25. d6 cxd6 26. Rxd6 Qf7 27. gxf5 Qxf5 28.
Bh3 g4 29. Rg1 Ne5 30. Qc7 Rac8 31. Qb7 Nf3+ 32. Kf1 Nxg1 33. Rd7 Qg6 34. Rxg7+
Qxg7 35. Qd5+ Kh8 36. Qh5+ Kg8 37. Qd5+ Qf7 38. Qg5+ Kh7 39. Qh4+ Kg8 40. Qg5+
Kh7 41. Qh4+ Kg7 42. Bb2+ Kf8 43. Ba3+ Kg8 1/2-1/2

[Event "Ontario op"]
[Site "Toronto CAN"]
[Date "2022.05.21"]
[Round "2.10"]
[White "Li, Yunshan"]
[Black "Talukdar, Rohan"]
[Result "1/2-1/2"]
[WhiteElo "2262"]
[BlackElo "2454"]
[PlyCount "122"]
[EventDate "2022.05.21"]
[EventType "swiss"]
[EventRounds "6"]
[EventCountry "CAN"]

1. d4 Nf6 2. c4 g6 3. Nc3 d5 4. Bf4 Bg7 5. e3 O-O 6. cxd5 Nxd5 7. Nxd5 Qxd5 8.
Bxc7 Na6 9. Bxa6 Qxg2 10. Qf3 Qxf3 11. Nxf3 bxa6 12. Rc1 Bb7 13. Ke2 f6 14. Rc5
Rf7 15. d5 Re8 16. Rd1 Bf8 17. Ba5 e5 18. d6 Re6 19. d7 Rxd7 20. Rxd7 Bxf3+ 21.
Kxf3 e4+ 22. Ke2 Bxc5 23. Bc7 g5 24. a3 Re7 25. Rxe7 Bxe7 26. Bb8 Kf7 27. Bxa7
Bd6 28. h3 Ke6 29. f3 Kd5 30. b4 f5 31. Bd4 Be7 32. fxe4+ fxe4 33. Kf2 Kc4 34.
Kg3 h5 35. Kf2 Bd8 36. Ke2 Kb3 37. Bc5 Bf6 38. Bd4 Bd8 39. Bc5 Bc7 40. Kf2 g4
41. hxg4 hxg4 42. Kg2 Be5 43. Kf2 Kc4 44. Be7 Bc7 45. Kg2 Kb3 46. Kf2 Be5 47.
Kg2 Bb2 48. a4 Kxa4 49. Kg3 Bc1 50. Kxg4 Bxe3 51. Kf5 Bd2 52. Kxe4 Bxb4 53. Bd8
Ba5 54. Bxa5 Kxa5 55. Kd3 Kb4 56. Kc2 a5 57. Kb2 a4 58. Ka2 a3 59. Ka1 Kb3 60.
Kb1 a2+ 61. Ka1 Ka3 1/2-1/2

[Event "Ontario op"]
[Site "Toronto CAN"]
[Date "2022.05.21"]
[Round "2.11"]
[White "Humphreys, Michael"]
[Black "Demchenko, Svitlana"]
[Result "0-1"]
[WhiteElo "2331"]
[BlackElo "2244"]
[PlyCount "90"]
[EventDate "2022.05.21"]
[EventType "swiss"]
[EventRounds "6"]
[EventCountry "CAN"]

1. Nf3 f5 2. d3 Nf6 3. e4 d6 4. exf5 Bxf5 5. d4 Qd7 6. Nc3 Nc6 7. Bb5 a6 8. Ba4
b5 9. Bb3 Na5 10. O-O e6 11. Re1 Be7 12. Qe2 Nxb3 13. axb3 O-O 14. Nh4 Bg4 15.
f3 Nd5 16. fxg4 Bxh4 17. g3 Bf6 18. Qe4 Nb4 19. Be3 d5 20. Qg2 e5 21. dxe5 Bxe5
22. Rad1 c6 23. Ne4 a5 24. c3 Na6 25. Nf2 Rae8 26. g5 b4 27. Nd3 Bd6 28. Bf2
Rxe1+ 29. Rxe1 Qf5 30. Nf4 Nc5 31. Bxc5 Bxc5+ 32. Kh1 Qxg5 33. c4 Bd6 34. cxd5
Bxf4 35. gxf4 Qxd5 36. Qxd5+ cxd5 37. Ra1 Rxf4 38. Rxa5 Rd4 39. Rb5 Kf7 40. Kg2
Ke6 41. Kf3 g5 42. Rb6+ Ke5 43. Rb7 h5 44. Re7+ Kf6 45. Rb7 Rd3+ 0-1

[Event "Ontario op"]
[Site "Toronto CAN"]
[Date "2022.05.21"]
[Round "2.12"]
[White "Huang, Youhe"]
[Black "Derraugh, Geordie"]
[Result "0-1"]
[WhiteElo "2184"]
[BlackElo "2330"]
[PlyCount "64"]
[EventDate "2022.05.21"]
[EventType "swiss"]
[EventRounds "6"]
[EventCountry "CAN"]

1. e4 c5 2. Nf3 e6 3. d4 cxd4 4. Nxd4 Nc6 5. Nb5 d6 6. c4 Nf6 7. N1c3 a6 8. Nd4
Bd7 9. Be2 Rc8 10. b3 Qa5 11. Nxc6 Bxc6 12. Bd2 Qe5 13. f3 d5 14. exd5 exd5 15.
cxd5 Bd7 16. O-O Rxc3 17. Bxc3 Qxc3 18. Rc1 Qb4 19. Re1 Bc5+ 20. Kh1 O-O 21.
Rc4 Qa5 22. Bd3 Bd6 23. Qb1 Qd2 24. Re2 Qh6 25. g3 Bxg3 26. Qg1 b5 27. Rcc2 Bd6
28. Qd4 Qh5 29. Rg2 Re8 30. Rc1 Qxf3 31. Rf1 Qxd5 32. Qh4 Bc6 0-1

[Event "Ontario op"]
[Site "Toronto CAN"]
[Date "2022.05.21"]
[Round "2.13"]
[White "Li, William"]
[Black "Filipovich, David"]
[Result "1-0"]
[WhiteElo "2275"]
[BlackElo "2150"]
[PlyCount "73"]
[EventDate "2022.05.21"]
[EventType "swiss"]
[EventRounds "6"]
[EventCountry "CAN"]

1. d4 g6 2. c4 Bg7 3. Nc3 c5 4. e3 Nf6 5. d5 d6 6. Bd3 O-O 7. Nge2 e6 8. O-O
exd5 9. cxd5 Nbd7 10. f4 a6 11. a4 Re8 12. Ng3 Rb8 13. e4 Qc7 14. e5 dxe5 15.
f5 c4 16. Be2 b5 17. Be3 Nc5 18. d6 Qc6 19. axb5 axb5 20. fxg6 hxg6 21. Rxf6
Bxf6 22. Nd5 Qxd6 23. Nxf6+ Qxf6 24. Bxc5 Bb7 25. Qd7 Bc6 26. Qh3 Qe6 27. Bg4
Qd5 28. Be3 Qd3 29. Bg5 Qd4+ 30. Kh1 Qxb2 31. Rg1 e4 32. Qh4 Qh8 33. Bh6 e3 34.
Qg5 Qe5 35. Nf5 Bd7 36. Bg7 f6 37. Bxf6 1-0

[Event "Ontario op"]
[Site "Toronto CAN"]
[Date "2022.05.21"]
[Round "2.14"]
[White "Kasturi, M."]
[Black "Malek, Omid"]
[Result "1-0"]
[WhiteElo "2106"]
[BlackElo "2266"]
[PlyCount "173"]
[EventDate "2022.05.21"]
[EventType "swiss"]
[EventRounds "6"]
[EventCountry "CAN"]

1. e4 e6 2. d4 d5 3. Nd2 Nc6 4. c3 e5 5. Ngf3 exd4 6. cxd4 dxe4 7. Nxe4 Bb4+ 8.
Bd2 Qe7 9. Qe2 Be6 10. Nc3 O-O-O 11. Qe3 Nf6 12. Be2 Ng4 13. Qd3 Bc5 14. Be3 g6
15. O-O Bf5 16. Qd2 Rhe8 17. Bb5 Nxe3 18. fxe3 Bb6 19. Bxc6 bxc6 20. Rfe1 g5
21. Qe2 f6 22. Na4 Kb8 23. Nxb6 cxb6 24. Qc4 Be4 25. Nd2 c5 26. Nxe4 Qxe4 27.
Rad1 cxd4 28. exd4 Qxe1+ 29. Rxe1 Rxe1+ 30. Kf2 Re4 31. Qf7 Rexd4 32. Qxh7 f5
33. Qg7 Rf4+ 34. Ke2 Re4+ 35. Kf2 Rd2+ 36. Kf3 g4+ 37. Kg3 f4+ 38. Kh4 Re8 39.
Qf7 Rh8+ 40. Kxg4 Rxg2+ 41. Kf5 Rgg8 42. Qe7 Rf8+ 43. Kg4 Rhg8+ 44. Kf3 Rc8 45.
Qd6+ Rc7 46. Kxf4 Rgg7 47. h4 Rgd7 48. Qe5 a6 49. h5 Ka7 50. h6 Rf7+ 51. Kg4
Rc1 52. Qe3 Rcf1 53. a4 a5 54. b4 axb4 55. a5 R1f6 56. axb6+ Rxb6 57. Qb3 Rg6+
58. Kh5 Rgf6 59. Qa4+ Kb6 60. Qxb4+ Kc7 61. Qe4 Rf4 62. Qe5+ Kd7 63. Kg6 Rf8
64. h7 Rg4+ 65. Kh5 Rgf4 66. h8=Q Rxh8+ 67. Qxh8 Rf7 68. Qe5 Re7 69. Qd5+ Kc7
70. Kg5 Rd7 71. Qc5+ Kd8 72. Kf6 Rd1 73. Qa5+ Kc8 74. Ke6 Kb8 75. Qb4+ Kc7 76.
Qc4+ Kd8 77. Qh4+ Kc7 78. Qg3+ Kc8 79. Qc3+ Kd8 80. Qb4 Kc7 81. Qc3+ Kd8 82.
Qc2 Rd7 83. Qf5 Rd1 84. Qa5+ Kc8 85. Ke7 Rd7+ 86. Ke8 Rd1 87. Qc3+ 1-0

[Event "Ontario op"]
[Site "Toronto CAN"]
[Date "2022.05.22"]
[Round "3.1"]
[White "Chiku-Ratte, Olivier-Kenta"]
[Black "Sambuev, Bator"]
[Result "1/2-1/2"]
[WhiteElo "2468"]
[BlackElo "2568"]
[PlyCount "122"]
[EventDate "2022.05.21"]
[EventType "swiss"]
[EventRounds "6"]
[EventCountry "CAN"]

1. d4 e6 2. c4 Bb4+ 3. Bd2 Bxd2+ 4. Qxd2 Nf6 5. Nc3 d5 6. e3 O-O 7. Nf3 Qe7 8.
Bd3 dxc4 9. Bxc4 Rd8 10. O-O c5 11. Qe2 cxd4 12. exd4 Nbd7 13. Rfe1 Nb6 14. Bb3
Qb4 15. Rad1 Bd7 16. Ne5 Be8 17. Nc4 Nxc4 18. Qxc4 Qxc4 19. Bxc4 Bc6 20. Rd2
Rd7 21. Red1 Nd5 22. Nxd5 Bxd5 23. Bxd5 Rxd5 24. f3 Rc8 25. Kf2 Kf8 26. Rd3 Ke7
27. R1d2 Rc7 28. Ra3 b6 29. Ke3 h5 30. Rad3 Kd6 31. h4 Ra5 32. a3 Rb5 33. Kf4
Rf5+ 34. Ke4 Rc1 35. Rd1 Rc8 36. R1d2 f6 37. Ke3 Rb5 38. Kf4 a5 39. b3 g6 40.
Re2 Rd5 41. g4 Ke7 42. Kg3 Kf7 43. Rde3 Rc6 44. gxh5 Rxh5 45. f4 Rd5 46. Rd3
Ke7 47. Kf3 Rcd6 48. Red2 Rd8 49. Ke4 Rh8 50. Rg2 Kf7 51. Rdg3 Rh6 52. Rh2 Ke7
53. Rc3 g5 54. fxg5 fxg5 55. Rch3 gxh4 56. Rxh4 Rg6 57. a4 Kd6 58. Kd3 Rf5 59.
Ke4 Rg7 60. Rh7 Rxh7 61. Rxh7 Kc6 1/2-1/2

[Event "Ontario op"]
[Site "Toronto CAN"]
[Date "2022.05.22"]
[Round "3.2"]
[White "Plotkin, Victor"]
[Black "Plotkin, Mark"]
[Result "0-1"]
[WhiteElo "2392"]
[BlackElo "2528"]
[PlyCount "68"]
[EventDate "2022.05.21"]
[EventType "swiss"]
[EventRounds "6"]
[EventCountry "CAN"]

1. e4 g6 2. d4 Bg7 3. Nc3 d6 4. Be3 Nf6 5. f3 c6 6. Qd2 b5 7. h4 h5 8. Nh3 Nbd7
9. Ng5 Qc7 10. a4 b4 11. Ne2 a5 12. Nf4 Nb6 13. b3 Bd7 14. Qf2 c5 15. dxc5 dxc5
16. Rd1 O-O 17. Be2 Rab8 18. O-O c4 19. Bxb6 Rxb6 20. Nxg6 fxg6 21. Bxc4+ e6
22. Rxd7 Nxd7 23. Nxe6 Rxe6 24. Bxe6+ Kh7 25. Rd1 Nc5 26. Bd5 Qe7 27. g3 Nd7
28. Kg2 Ne5 29. f4 Ng4 30. Qb6 Rc8 31. Rd2 Qc5 32. Qxc5 Rxc5 33. Kf3 Rc3+ 34.
Ke2 Re3+ 0-1

[Event "Ontario op"]
[Site "Toronto CAN"]
[Date "2022.05.22"]
[Round "3.3"]
[White "Ghasi, Ameet K"]
[Black "Ouellet, Maili-Jade"]
[Result "1-0"]
[WhiteElo "2515"]
[BlackElo "2300"]
[PlyCount "91"]
[EventDate "2022.05.21"]
[EventType "swiss"]
[EventRounds "6"]
[EventCountry "CAN"]

1. c4 e6 2. Nf3 d5 3. g3 Nf6 4. Bg2 Be7 5. d4 O-O 6. O-O dxc4 7. Qc2 b5 8. a4
b4 9. Nfd2 Nd5 10. Nxc4 c5 11. dxc5 Bxc5 12. e4 Ne7 13. Nbd2 Ba6 14. Nb3 Qc8
15. Nxc5 Qxc5 16. b3 Rc8 17. Be3 Qc7 18. Rfc1 e5 19. Qb2 Nbc6 20. Bc5 Rd8 21.
Ne3 Qa5 22. Nd5 Ng6 23. h4 Bb7 24. h5 Nf8 25. Be3 Rd6 26. h6 f6 27. hxg7 Kxg7
28. Qe2 Ng6 29. Rc5 Qd8 30. Rac1 a5 31. f4 Nce7 32. Nc7 Rc8 33. f5 Nc6 34. Nb5
Nf8 35. Nxd6 Qxd6 36. Rd5 Qe7 37. Qg4+ Kh8 38. Bf1 Nd8 39. Rxc8 Bxc8 40. Bc4
Nf7 41. Rxa5 Bd7 42. Bc5 Qe8 43. Qh5 Kg7 44. Qxf7+ Qxf7 45. Bxf7 Kxf7 46. Ra7
1-0

[Event "Ontario op"]
[Site "Toronto CAN"]
[Date "2022.05.22"]
[Round "3.4"]
[White "Preotu, Razvan"]
[Black "Rodrigue-Lemieux, Shawn"]
[Result "1/2-1/2"]
[WhiteElo "2619"]
[BlackElo "2512"]
[PlyCount "59"]
[EventDate "2022.05.21"]
[EventType "swiss"]
[EventRounds "6"]
[EventCountry "CAN"]

1. e4 c6 2. Nc3 d5 3. Nf3 dxe4 4. Nxe4 Nf6 5. Qe2 Nxe4 6. Qxe4 Nd7 7. d4 Nf6 8.
Qd3 g6 9. Be2 Bg7 10. O-O O-O 11. Re1 Bg4 12. h3 Bxf3 13. Bxf3 e6 14. a4 Nd5
15. a5 Qd6 16. c3 Rfd8 17. Bg5 Bf6 18. Bxf6 Nxf6 19. Qe3 Nd5 20. Qh6 Rac8 21.
Re5 b6 22. h4 Ne7 23. axb6 axb6 24. Be4 f6 25. Rh5 gxh5 26. Bxh7+ Kf7 27. Bg6+
Nxg6 28. Qh7+ Kf8 29. Qh6+ Kf7 30. Qh7+ 1/2-1/2

[Event "Ontario op"]
[Site "Toronto CAN"]
[Date "2022.05.22"]
[Round "3.5"]
[White "Noritsyn, Nikolay"]
[Black "Abrahams, Daniel"]
[Result "1-0"]
[WhiteElo "2566"]
[BlackElo "2226"]
[PlyCount "63"]
[EventDate "2022.05.21"]
[EventType "swiss"]
[EventRounds "6"]
[EventCountry "CAN"]

1. d4 Nf6 2. Nf3 e6 3. c4 d5 4. Bg5 Be7 5. Nc3 O-O 6. e3 h6 7. Bxf6 Bxf6 8. Qd2
dxc4 9. Bxc4 b6 10. O-O-O Ba6 11. Qe2 Qc8 12. Kb1 c5 13. Ne4 Bxc4 14. Nxf6+
gxf6 15. Qxc4 Qa6 16. Qc3 Nc6 17. dxc5 Kg7 18. Rd6 Rfc8 19. Nd2 Qb7 20. Rc1
bxc5 21. Ne4 Ne5 22. f3 Rab8 23. Rd2 c4 24. Nd6 Qa6 25. Nxc8 Rxc8 26. Rd4 Qb5
27. f4 Ng4 28. h3 Nf2 29. Qc2 c3 30. Qxf2 Qf5+ 31. e4 cxb2 32. Rxc8 1-0

[Event "Ontario op"]
[Site "Toronto CAN"]
[Date "2022.05.22"]
[Round "3.6"]
[White "Thavandiran, Shiyam"]
[Black "Malakhovets, Sergey"]
[Result "1-0"]
[WhiteElo "2474"]
[BlackElo "2198"]
[PlyCount "83"]
[EventDate "2022.05.21"]
[EventType "swiss"]
[EventRounds "6"]
[EventCountry "CAN"]

1. e4 c6 2. d4 d5 3. Nd2 dxe4 4. Nxe4 Nf6 5. Nxf6+ exf6 6. c3 Bd6 7. Bd3 Na6 8.
Ne2 Nc7 9. O-O O-O 10. Qc2 g6 11. c4 Ne6 12. Be3 f5 13. Qd2 Qc7 14. f4 Rd8 15.
Rac1 Qe7 16. a3 a5 17. Rcd1 Nc7 18. Nc3 Re8 19. Rfe1 Qf6 20. Qf2 Be6 21. Bf1 b5
22. cxb5 Bb3 23. Rc1 cxb5 24. Nxb5 Nd5 25. Rc6 Re6 26. Bd2 Bf8 27. Rexe6 fxe6
28. Nc7 Nxc7 29. Rxc7 Qd8 30. Rc1 Bg7 31. Be3 Qd5 32. Rc5 Qe4 33. Rc3 Qd5 34.
h4 a4 35. Be2 Rd8 36. h5 Bxd4 37. Rd3 Bxe3 38. Qxe3 Qa8 39. Rxb3 Re8 40. Rb6
Qa5 41. Kf2 e5 42. hxg6 1-0

[Event "Ontario op"]
[Site "Toronto CAN"]
[Date "2022.05.22"]
[Round "3.7"]
[White "Han, Johnathan"]
[Black "Teodoro, Eduardo"]
[Result "1/2-1/2"]
[WhiteElo "2234"]
[BlackElo "2334"]
[PlyCount "73"]
[EventDate "2022.05.21"]
[EventType "swiss"]
[EventRounds "6"]
[EventCountry "CAN"]

1. e4 c5 2. Nf3 e6 3. d4 cxd4 4. Nxd4 a6 5. Bd3 Qc7 6. Qe2 b6 7. Nc3 Bb7 8. Bd2
Ne7 9. O-O Nbc6 10. Nb3 h5 11. Rad1 Ne5 12. f4 Nxd3 13. cxd3 d6 14. Rc1 Qd7 15.
f5 Rc8 16. fxe6 Qxe6 17. Nd4 Qg4 18. Qf2 f6 19. Nf5 Nxf5 20. exf5 h4 21. Nd5
Rc5 22. Rfe1+ Kf7 23. h3 Qg3 24. Qxg3 hxg3 25. Nxb6 Rh5 26. b4 Rc6 27. Rxc6
Bxc6 28. Rc1 Bb5 29. Rc7+ Kg8 30. Bf4 Bxd3 31. Bxg3 Bxf5 32. Nd5 Bxh3 33. Ne7+
Bxe7 34. Rxe7 Rg5 35. Kh2 Bf5 36. Bxd6 Bd3 37. a4 1/2-1/2

[Event "Ontario op"]
[Site "Toronto CAN"]
[Date "2022.05.22"]
[Round "3.8"]
[White "Jaferian, Koosha"]
[Black "Gavrilin, Roman"]
[Result "1-0"]
[WhiteElo "2333"]
[BlackElo "2066"]
[PlyCount "51"]
[EventDate "2022.05.21"]
[EventType "swiss"]
[EventRounds "6"]
[EventCountry "CAN"]

1. e4 c5 2. Nc3 d6 3. f4 g6 4. Nf3 Bg7 5. Bc4 e6 6. d4 cxd4 7. Nxd4 a6 8. Bb3
Nc6 9. Be3 Nge7 10. Qd2 O-O 11. O-O-O Na5 12. h4 d5 13. e5 Nc4 14. Bxc4 dxc4
15. g4 b5 16. Qh2 b4 17. h5 bxc3 18. hxg6 cxb2+ 19. Kb1 fxg6 20. Qxh7+ Kf7 21.
Nf3 Nd5 22. Ng5+ Qxg5 23. fxg5 Nxe3 24. Rhf1+ Nxf1 25. Rxf1+ Ke8 26. Qxg6+ 1-0

[Event "Ontario op"]
[Site "Toronto CAN"]
[Date "2022.05.22"]
[Round "3.9"]
[White "Derraugh, Geordie"]
[Black "Kasturi, M."]
[Result "1-0"]
[WhiteElo "2330"]
[BlackElo "2106"]
[PlyCount "33"]
[EventDate "2022.05.21"]
[EventType "swiss"]
[EventRounds "6"]
[EventCountry "CAN"]

1. e4 c5 2. Nf3 Nc6 3. d4 cxd4 4. Nxd4 Nf6 5. Nc3 e5 6. Ndb5 d6 7. Nd5 Nxd5 8.
exd5 Nb4 9. c3 Na6 10. Be3 b6 11. Qa4 Ke7 12. f4 Nc5 13. Bxc5 bxc5 14. fxe5
dxe5 15. Qe4 f6 16. d6+ Kf7 17. Qxa8 1-0

[Event "Ontario op"]
[Site "Toronto CAN"]
[Date "2022.05.22"]
[Round "3.10"]
[White "Lin, Leo"]
[Black "Li, William"]
[Result "0-1"]
[WhiteElo "2160"]
[BlackElo "2275"]
[PlyCount "96"]
[EventDate "2022.05.21"]
[EventType "swiss"]
[EventRounds "6"]
[EventCountry "CAN"]

1. e4 c5 2. Nc3 Nc6 3. Bb5 Nd4 4. Bc4 e6 5. Nf3 Nf6 6. O-O Qc7 7. d3 a6 8. a4
Bd6 9. h3 O-O 10. Bg5 h6 11. Be3 Nxf3+ 12. Qxf3 Bh2+ 13. Kh1 Be5 14. a5 d6 15.
Na4 Nd7 16. c3 b5 17. axb6 Nxb6 18. Nxb6 Qxb6 19. Rfc1 Bd7 20. b4 Bb5 21. Rab1
Bxc4 22. dxc4 Rfb8 23. Qg4 Kh8 24. Qh5 Qb7 25. f3 a5 26. b5 a4 27. Ra1 a3 28.
Rc2 Ra4 29. Bxc5 Rxc4 30. Bxa3 Qxb5 31. Rb2 Qe8 32. Rxb8 Qxb8 33. Qxf7 Rxc3 34.
f4 Rc7 35. Qxc7 Qxc7 36. fxe5 Qc3 37. Ra2 Qxe5 38. Rc2 Qa1+ 39. Bc1 Qa4 40.
Rc8+ Kh7 41. e5 d5 42. Bb2 Qb3 43. Bc3 Qc2 44. Rc5 Qc1+ 45. Kh2 d4 46. Bb4 Qf4+
47. Kh1 d3 48. Ba5 d2 0-1

[Event "Ontario op"]
[Site "Toronto CAN"]
[Date "2022.05.22"]
[Round "3.11"]
[White "Demchenko, Svitlana"]
[Black "Gao, Raymond"]
[Result "1-0"]
[WhiteElo "2244"]
[BlackElo "2058"]
[PlyCount "97"]
[EventDate "2022.05.21"]
[EventType "swiss"]
[EventRounds "6"]
[EventCountry "CAN"]

1. d4 Nf6 2. Nf3 g6 3. Nc3 d5 4. Bf4 Bg7 5. Nb5 Na6 6. e3 O-O 7. h3 c6 8. Nc3
Nb8 9. Be2 b5 10. O-O Nbd7 11. Bh2 Re8 12. Re1 b4 13. Na4 Ne4 14. a3 a5 15. Ne5
Nxe5 16. dxe5 Qc7 17. f3 Ng5 18. axb4 Bxe5 19. f4 Bd6 20. b5 cxb5 21. Qxd5 Bb7
22. Qxb5 Ne4 23. Qc4 Rac8 24. Qxc7 Rxc7 25. Bd3 f5 26. Nb6 Rb8 27. Nc4 Bb4 28.
Red1 Rbc8 29. c3 Bxc3 30. bxc3 Rxc4 31. Bxc4+ Rxc4 32. Rxa5 Rxc3 33. Ra7 Rb3
34. Kf1 Bc6 35. Rxe7 Bb5+ 36. Kg1 Kf8 37. Rb7 Rd3 38. Rxd3 Bxd3 39. Rxh7 Kg8
40. Ra7 Be2 41. Re7 Kf8 42. Re5 Nf6 43. Bg3 Bd3 44. Be1 Be4 45. Bb4+ Kg8 46.
Re6 Kf7 47. Re7+ Kg8 48. Bc5 Nd5 49. Ra7 1-0

[Event "Ontario op"]
[Site "Toronto CAN"]
[Date "2022.05.22"]
[Round "3.12"]
[White "Siegel, Adam"]
[Black "Barron, Michael"]
[Result "1-0"]
[WhiteElo "1858"]
[BlackElo "2234"]
[PlyCount "53"]
[EventDate "2022.05.21"]
[EventType "swiss"]
[EventRounds "6"]
[EventCountry "CAN"]

1. d4 f5 2. c4 Nf6 3. Nf3 g6 4. g3 Bg7 5. Bg2 O-O 6. O-O d6 7. b3 e5 8. d5 a5
9. Nc3 Na6 10. Bb2 Nc5 11. Rc1 b6 12. Nb5 Qe7 13. a3 g5 14. b4 axb4 15. axb4
Na6 16. c5 e4 17. cxd6 cxd6 18. Nfd4 Nxd5 19. Qb3 Be6 20. Nxe6 Qxe6 21. Bxg7
Kxg7 22. Rfd1 Rac8 23. Rxc8 Rxc8 24. Rxd5 Nxb4 25. Qb2+ Kg8 26. Rxd6 Qc4 27.
Qf6 1-0